[Event "Pan American-ch U18 Girls"]
[Site "Oaxtepec"]
[Date "2014.07.11"]
[Round "1"]
[White "Sigchos Bosques, Breana Gisell"]
[Black "Palmero Martinez, Rachel"]
[Result "1/2-1/2"]
[WhiteElo "1356"]
[BlackElo "1919"]
[PlyCount "93"]
[EventDate "2014.07.11"]
[EventType "swiss"]
[EventRounds "9"]
[EventCountry "MEX"]
[SourceTitle "EXT 2022"]
[Source "ChessBase"]
[SourceDate "2021.10.06"]
[SourceVersion "1"]
[SourceVersionDate "2021.10.06"]
[SourceQuality "1"]

1. e4 e5 2. Nf3 Nc6 3. Bb5 a6 4. Ba4 Nf6 5. 0-0 Be7 6. Re1 b5 7. Bb3 0-0 8. c3 d5 9. exd5 Nxd5 10. Nxe5 Nxe5 11. Rxe5 c6 12. d4 Bd6 13. Re1 Qh4 14. g3 Qh3 15. Bxd5 cxd5 16. Qd3 Bg4 17. Be3 f5 18. f4 g5 19. Qf1 Qh5 20. Nd2 h6 21. Qg2 Qf7 22. Rf1 Rae8 23. Rae1 gxf4 24. Bxf4 Rxe1 25. Rxe1 Bxf4 26. gxf4 Kh8 27. Kf2 Rg8 28. Qg3 Qh5 29. Rg1 Re8 30. Nf3 Re4 31. h3 Qxh3 32. Qxh3 Bxh3 33. Ne5 Bg4 34. Kg3 Re3+ 35. Kh2 Re2+ 36. Rg2 Kg7 37. Rxe2 Bxe2 38. Nc6 Bf3 39. b3 Kf6 40. a4 bxa4 41. bxa4 Ke6 42. a5 h5 43. Kg3 Be2 44. Kh4 Kd6 45. Ne5 Bg4 46. Kg5 Ke7 47. Kh4 1/2-1/2

[Event "Capablanca Memorial op-B 48th"]
[Site "Havana"]
[Date "2013.04.22"]
[Round "2"]
[White "Shahin, Walid"]
[Black "Palmero Martinez, Rachel"]
[Result "1-0"]
[WhiteElo "2056"]
[BlackElo "1870"]
[PlyCount "137"]
[EventDate "2013.04.21"]
[EventType "swiss"]
[EventRounds "9"]
[EventCountry "CUB"]
[SourceTitle "CBM 154 Extra"]
[Source "ChessBase"]
[SourceDate "2013.06.25"]
[SourceVersion "2"]
[SourceVersionDate "2013.06.25"]
[SourceQuality "1"]

1. d4 Nf6 2. c4 g6 3. Nc3 Bg7 4. e4 d6 5. Be2 0-0 6. Bg5 Nbd7 7. Qd2 Re8 8. f3 c5 9. Be3 a6 10. Nh3 Qb6 11. Nf2 e6 12. 0-0 cxd4 13. Bxd4 Nxe4 14. Ncxe4 Bxd4 15. Rad1 e5 16. Nc3 Nf6 17. Bd3 Be6 18. Kh1 Rac8 19. Nfe4 Qd8 20. Nxf6+ Qxf6 21. Ne4 Qe7 22. Qb4 Rc6 23. b3 f5 24. Ng3 d5 25. Qxe7 Rxe7 26. cxd5 Bxd5 27. Ne2 Ba7 28. Bxf5 Bxb3 29. Rd8+ Kg7 30. Be4 Bxa2 31. Bxc6 bxc6 32. Rfd1 c5 33. R1d7 Kf6 34. Rxe7 Kxe7 35. Ra8 Bb6 36. Rxa6 Bc4 37. Rxb6 Bxe2 38. Kg1 Kf7 39. Rb7+ Kg8 40. Kf2 Bd3 41. Ke3 c4 42. g4 g5 43. Re7 h6 44. Rxe5 Kf7 45. Rc5 Kg6 46. Rc6+ Kg7 47. Kd4 Be2 48. Ke3 Bf1 49. Kf2 Bd3 50. Kg3 Be2 51. f4 gxf4+ 52. Kxf4 Bd3 53. h4 Be2 54. h5 Bd3 55. Ke5 Be2 56. Rc7+ Kg8 57. Kf6 Bd3 58. Rg7+ Kh8 59. Rc7 Kg8 60. g5 hxg5 61. Kxg5 Be2 62. Kg6 Bd3+ 63. Kh6 Be2 64. Kg5 Bd3 65. Kf6 Be2 66. h6 Bd3 67. Kg5 Kh8 68. Kf6 Kg8 69. h7+ 1-0